| 000 | 01478nam a2200325 i 4500 | ||
|---|---|---|---|
| 001 | 000039451 | ||
| 003 | DO-SdBNP | ||
| 005 | 20251125141441.0 | ||
| 007 | ta | ||
| 008 | 130628s2002 dr ac 000 0 spa d | ||
| 040 |
_aDO-SdBNP _bspa _cBNPHU _erda |
||
| 082 | 4 |
_a709.7293 _bC744a 2002 _222 |
|
| 111 | 2 |
_aConcurso de Arte Eduardo León Jimenes _n(19 : _d2002 : _cSantiago, República Dominicana) _965654 |
|
| 245 | 1 | 0 |
_a"Mitos y realidades del caribe contemporáneo" : _bcatálogo de obras 2002 / _cintroducción, Sara Hermann. |
| 246 | _aXIX Concurso de Arte Eduardo León Jimenes | ||
| 264 |
_aSantiago de los Caballeros, República Dominicana : _bGrupo León Jimenes, _c2002. |
||
| 300 |
_a195 páginas : _bilustraciones, retratos ; _c32 cm. |
||
| 336 |
_atexto _btxt _2rdacontent |
||
| 337 |
_a sin mediación _bn _2rdamedia |
||
| 338 |
_avolumen _bnc _2rdacrdacarrier |
||
| 500 | _aIncluye índice de obras y autores | ||
| 500 | _aCatálogo de una exposición realizada en el Centro León, Santiago de los Caballeros, República Dominicana, 14 de octubre de 2010-ene. 9, 2011. | ||
| 590 | _aInventariado, 2020 /LP | ||
| 650 | 7 |
_aArte dominicana _ySiglo XXI _vExposiciones. _2LEMB _988544 |
|
| 650 | 7 |
_aArte _zRepública Dominicana _vConcursos _ySiglo XXI _988545 |
|
| 650 | 7 |
_aArte _zRepública Dominicana _vExposiciones _ySiglo XXI _988546 |
|
| 700 | 1 |
_aHermann, Sara _958086 _eintroducción _4introd. |
|
| 910 | _aValidado. Control de calidad MFF | ||
| 942 |
_2ddc _cLBS1 |
||
| 999 |
_c38941 _d38941 |
||